[Event "26th EUR-ch"]
[Site "Katowice POL"]
[Date "2026.04.15"]
[Round "8.123"]
[White "Prisacaru, Stefan-Emilian"]
[Black "Aslanov, Umid"]
[Result "1/2-1/2"]
[WhiteElo "2243"]
[BlackElo "2368"]
[EventDate "2026.04.07"]
[PlyCount "94"]

1.d4 d5 2.c4 e6 3.Nf3 Nf6 4.Nc3 Be7 5.Bf4 O-O 6.a3 Nbd7 7.Nb5 Ne8 8.e3 a6 
9.Nc3 dxc4 10.Bxc4 b5 11.Be2 Bd6 12.Bg3 Bb7 13.Qc2 Qe7 14.Ne4 e5 15.O-O 
Bxe4 16.Qxe4 Nef6 17.Qc2 e4 18.Nd2 Bxg3 19.hxg3 c5 20.dxc5 Nxc5 21.Rfc1 
Rad8 22.Nb3 Nd3 23.Rd1 Rc8 24.Qb1 Ne5 25.Nd4 Neg4 26.Nf5 Qe6 27.Nd6 Rcd8 
28.Nxe4 Nxe4 29.Bxg4 Qxg4 30.Rxd8 Rxd8 31.f3 Qxg3 32.Qxe4 h5 33.Rc1 Qg5 
34.Qf4 Qxf4 35.exf4 Rd2 36.Rc6 a5 37.b3 Rd3 38.Ra6 Rxb3 39.Rxa5 g6 40.a4 
b4 41.f5 Kg7 42.fxg6 fxg6 43.Rb5 Rb1+ 44.Kh2 b3 45.a5 b2 46.a6 Ra1 47.Rxb2
Rxa6 1/2-1/2

[Event "26th EUR-ch"]
[Site "Katowice POL"]
[Date "2026.04.15"]
[Round "8.124"]
[White "Goroskov, Maksim"]
[Black "Salaun, Yann"]
[Result "1-0"]
[WhiteElo "2364"]
[BlackElo "2199"]
[EventDate "2026.04.07"]
[PlyCount "111"]

1.b3 e5 2.Bb2 d6 3.g3 Be7 4.Bg2 Nh6 5.e3 O-O 6.Ne2 c5 7.Nbc3 Nc6 8.O-O Be6
9.Nd5 Qd7 10.d4 cxd4 11.exd4 Bg4 12.f3 Be6 13.Nxe7+ Nxe7 14.dxe5 Nd5 15.
Qd2 Nf5 16.Rf2 Rad8 17.c4 Nde7 18.g4 Nh4 19.exd6 Qxd6 20.Qxd6 Rxd6 21.Ba3 
Rd7 22.Re1 Rfd8 23.Bxe7 Rxe7 24.Nf4 Rd4 25.Ne2 Rd2 26.Ng3 Red7 27.Ne4 Rxf2
28.Kxf2 b6 29.Kg3 Nxg2 30.Kxg2 h6 31.h3 f5 32.Ng3 Rd2+ 33.Re2 Rxe2+ 34.
Nxe2 fxg4 35.hxg4 Kf7 36.Kg3 g5 37.Kf2 Kf6 38.Ke3 Ke5 39.Nc1 Bc8 40.Nd3+ 
Kd6 41.Kd4 Bb7 42.Ne5 Ke6 43.b4 Kd6 44.Nf7+ Ke7 45.Nxh6 Bxf3 46.Ke5 Be2 
47.Nf5+ Kd7 48.Ne3 Kc6 49.Kf5 a5 50.bxa5 bxa5 51.Kxg5 Kc5 52.a3 Kd4 53.Kf4
Kc3 54.g5 Bh5 55.c5 Be8 56.Ke5 1-0

[Event "26th EUR-ch"]
[Site "Katowice POL"]
[Date "2026.04.15"]
[Round "8.125"]
[White "Perossa, Nicolas"]
[Black "Kochavi, Dana"]
[Result "1-0"]
[WhiteElo "2362"]
[BlackElo "2196"]
[EventDate "2026.04.07"]
[PlyCount "59"]

1.e4 c5 2.Nf3 Nc6 3.Bb5 g6 4.Bxc6 bxc6 5.O-O Bg7 6.Re1 Nh6 7.c3 O-O 8.d4 
cxd4 9.cxd4 d5 10.e5 f6 11.Nbd2 Nf7 12.e6 Nd6 13.Nb3 Ne4 14.Nc5 Qd6 15.Qc2
f5 16.b3 g5 17.Ba3 g4 18.Ne5 Qc7 19.Qc1 Rf6 20.Nxe4 fxe4 21.Qxc6 Qxc6 22.
Nxc6 Bxe6 23.Rac1 Rf7 24.Nxe7+ Kh8 25.Nc6 Rc8 26.Bd6 Bh6 27.Rc5 Rb7 28.Ne7
Rxc5 29.dxc5 Bg5 30.Be5+ 1-0

[Event "26th EUR-ch"]
[Site "Katowice POL"]
[Date "2026.04.15"]
[Round "8.126"]
[White "Drazic, Sinisa"]
[Black "Plichta, Kamil"]
[Result "1-0"]
[WhiteElo "2239"]
[BlackElo "2361"]
[EventDate "2026.04.07"]
[PlyCount "105"]

1.d4 Nf6 2.c4 g6 3.Nc3 Bg7 4.Nf3 O-O 5.g3 d6 6.Bg2 Nbd7 7.O-O e5 8.Qc2 Re8
9.Rd1 c6 10.d5 Qc7 11.Qb3 h6 12.Nd2 c5 13.Qc2 Nh7 14.e4 Rf8 15.Nf1 a6 16.
Ne3 h5 17.Rf1 h4 18.f4 hxg3 19.hxg3 exf4 20.gxf4 Qd8 21.a4 Qh4 22.Qf2 
Qxf2+ 23.Kxf2 Ndf6 24.Bf3 Re8 25.Rg1 Kf8 26.Rh1 Bd7 27.Bd2 Rab8 28.Rab1 
Kg8 29.b4 cxb4 30.Rxb4 Nh5 31.Rxh5 gxh5 32.Rb6 Bf8 33.Bxh5 Nf6 34.Bf3 Bc8 
35.Rb1 Bh6 36.Ng2 Ng4+ 37.Kg3 Ne5 38.Ne3 Nxf3 39.Kxf3 Kf8 40.Rb6 Rd8 41.c5
Bg7 42.c6 Bd4 43.c7 Bxb6 44.cxb8=Q Bg4+ 45.Kxg4 Rxb8 46.Nc4 Bc7 47.a5 Rc8 
48.Na4 Ke7 49.Bb4 Rg8+ 50.Kf5 Kd7 51.Nab6+ Bxb6 52.Nxb6+ Kc7 53.Nc4 1-0

[Event "26th EUR-ch"]
[Site "Katowice POL"]
[Date "2026.04.15"]
[Round "8.127"]
[White "Mizzi, Jack"]
[Black "Vijayakumar, Rishi"]
[Result "1-0"]
[WhiteElo "2192"]
[BlackElo "2347"]
[EventDate "2026.04.07"]
[PlyCount "87"]

1.d4 Nf6 2.c4 e6 3.Nc3 c5 4.d5 d6 5.e4 g6 6.Nf3 exd5 7.exd5 Bg7 8.Qe2+ Kf8
9.Bf4 a6 10.Qd2 Bg4 11.Be2 h6 12.a4 Nh5 13.Be3 Nd7 14.h3 Bxf3 15.Bxf3 Qh4 
16.g4 Nhf6 17.Bf4 Ne5 18.Be2 Nfd7 19.Bg3 Qe7 20.O-O Nb6 21.b3 Re8 22.Rae1 
h5 23.f4 hxg4 24.hxg4 Rh3 25.Kg2 Rxg3+ 26.Kxg3 g5 27.Bd1 gxf4+ 28.Qxf4 Kg8
29.Qf5 Qf8 30.Ne4 Nbd7 31.g5 Bh8 32.Bh5 Qg7 33.Nxd6 Rf8 34.Re3 b5 35.axb5 
axb5 36.cxb5 Nb6 37.Rfe1 Nbd7 38.Ne4 Rb8 39.Be2 Rb6 40.d6 Qf8 41.Rh1 Qg7 
42.Nf6+ Nxf6 43.Qc8+ Qf8 44.Rxh8+ 1-0

[Event "26th EUR-ch"]
[Site "Katowice POL"]
[Date "2026.04.15"]
[Round "8.128"]
[White "Yeritsian, Hayk"]
[Black "Djurovic, Peko"]
[Result "1-0"]
[WhiteElo "2342"]
[BlackElo "2191"]
[EventDate "2026.04.07"]
[PlyCount "67"]

1.e4 c5 2.Nf3 Nc6 3.Bb5 e5 4.O-O Bd6 5.d3 a6 6.Bc4 Nf6 7.a4 O-O 8.Nc3 Be7 
9.Bg5 d6 10.h3 Be6 11.Bxf6 Bxf6 12.Nd5 Rb8 13.c3 g6 14.Qd2 b5 15.axb5 axb5
16.Bb3 Bg7 17.Ng5 c4 18.dxc4 Na5 19.Nxe6 Nxb3 20.Nxd8 Nxd2 21.Nc6 Nxf1 22.
Nde7+ Kh8 23.Nxb8 Rxb8 24.Nc6 Nd2 25.Nxb8 Nxc4 26.Ra2 Bh6 27.Nc6 Bc1 28.b4
Bb2 29.Na5 Bxc3 30.Nxc4 bxc4 31.b5 Bd4 32.Kf1 Kg7 33.Ra6 c3 34.Ke2 1-0

[Event "26th EUR-ch"]
[Site "Katowice POL"]
[Date "2026.04.15"]
[Round "8.129"]
[White "Csiki, Endre"]
[Black "Meirovich, Ilay"]
[Result "0-1"]
[WhiteElo "2339"]
[BlackElo "2190"]
[EventDate "2026.04.07"]
[PlyCount "92"]

1.e4 c5 2.Nf3 e6 3.d4 cxd4 4.Nxd4 Nc6 5.Nc3 Qc7 6.f4 a6 7.Nxc6 Qxc6 8.Bd3 
Bc5 9.Qe2 d6 10.Bd2 Bd7 11.O-O-O Ne7 12.Qg4 g6 13.Qh4 Qb6 14.f5 Bd4 15.Bg5
h6 16.Bf6 g5 17.Bxd4 Qxd4 18.Qh5 Nc6 19.Kb1 Qg7 20.Rhf1 O-O-O 21.Bc4 Ne5 
22.Qe2 exf5 23.exf5 Bc6 24.Bd5 Rhe8 25.Qf2 Kb8 26.f6 Qg6 27.a3 Rc8 28.Qg3 
Bxd5 29.Rxd5 Nc4 30.Rd3 Re6 31.Nd5 Qe4 32.Rfd1 Qe2 33.Rc1 Nd2+ 34.Ka2 Ne4 
35.Qe3 Nc3+ 36.Nxc3 Qxe3 37.Rxe3 Rxe3 38.Kb3 Rc5 39.Rf1 Kc7 40.Rf2 Kd7 41.
Ka2 Ke6 42.Ne2 Re4 43.Ng3 Rf4 44.Rd2 Rd5 45.Re2+ Re5 46.Rd2 Rxf6 0-1

[Event "26th EUR-ch"]
[Site "Katowice POL"]
[Date "2026.04.15"]
[Round "8.130"]
[White "Lecki, Leonard"]
[Black "Prazak, Daniel"]
[Result "1/2-1/2"]
[WhiteElo "2189"]
[BlackElo "2339"]
[EventDate "2026.04.07"]
[PlyCount "81"]

1.d4 d5 2.Nf3 Nf6 3.e3 c6 4.b3 Bf5 5.Bb2 e6 6.Bd3 Ne4 7.O-O Nd7 8.c4 Be7 
9.Nc3 Ndf6 10.Qc2 Nxc3 11.Bxc3 Bxd3 12.Qxd3 O-O 13.Nd2 Qb6 14.c5 Qc7 15.b4
b6 16.a4 Nd7 17.f4 Bf6 18.Rfc1 Rfb8 19.Ra2 bxc5 20.bxc5 Rb7 21.Kf2 g6 22.
g3 Bd8 23.Ke2 f5 24.Raa1 Nf6 25.Rcb1 Rab8 26.Rxb7 Rxb7 27.Qa6 Qd7 28.Rb1 
Rxb1 29.Nxb1 Ng4 30.h3 Nf6 31.Nd2 Ne4 32.Nxe4 dxe4 33.Kd2 g5 34.Kc2 gxf4 
35.gxf4 Kf7 36.Ba5 Bxa5 37.Qxa5 Qb7 38.Qd8 Qa6 39.Qd7+ Kf6 40.Qd8+ Kf7 41.
Qd7+ 1/2-1/2

[Event "26th EUR-ch"]
[Site "Katowice POL"]
[Date "2026.04.15"]
[Round "8.131"]
[White "Gagic, Milan"]
[Black "Udelnov, Valentin"]
[Result "1/2-1/2"]
[WhiteElo "2337"]
[BlackElo "2186"]
[EventDate "2026.04.07"]
[PlyCount "71"]

1.e4 e5 2.Nf3 Nc6 3.Bb5 a6 4.Ba4 d6 5.O-O Bd7 6.c3 g6 7.d4 Bg7 8.h3 Nf6 9.
Bc2 O-O 10.Re1 Re8 11.Nbd2 a5 12.Nf1 a4 13.Ng3 b5 14.Bg5 h6 15.Be3 Kh7 16.
Rc1 Rb8 17.Qd2 Qe7 18.b4 axb3 19.axb3 Ra8 20.Bd3 Na5 21.Qb2 c5 22.dxe5 
dxe5 23.b4 Nb7 24.Red1 c4 25.Bc2 Bc6 26.Ra1 Qc7 27.Rxa8 Rxa8 28.Ra1 Rxa1+ 
29.Qxa1 Nd6 30.Nd2 Qb7 31.f3 h5 32.Ngf1 Bh6 33.Bc5 Nc8 34.Qa5 Nd7 35.Bf2 
Nf8 36.h4 1/2-1/2

[Event "26th EUR-ch"]
[Site "Katowice POL"]
[Date "2026.04.15"]
[Round "8.132"]
[White "Bracker, Frank"]
[Black "Pehar, Borna"]
[Result "1-0"]
[WhiteElo "2332"]
[BlackElo "2183"]
[EventDate "2026.04.07"]
[PlyCount "109"]

1.e4 e5 2.Nf3 Nc6 3.Bc4 Bc5 4.d3 d6 5.c3 Bb6 6.O-O h6 7.b4 a6 8.a4 Nge7 9.
Be3 Ng6 10.Nbd2 O-O 11.Bb3 Bg4 12.h3 Be6 13.Bxe6 fxe6 14.g3 Bxe3 15.fxe3 
Qd7 16.Kg2 Kh8 17.h4 Nge7 18.Qe2 Ng8 19.d4 exd4 20.exd4 Rae8 21.b5 axb5 
22.axb5 Nd8 23.e5 Nf7 24.Ne4 Ne7 25.Ra7 dxe5 26.dxe5 Ra8 27.Rfa1 Rxa7 28.
Rxa7 Ng6 29.Rxb7 Nfxe5 30.Nxe5 Nxe5 31.Ra7 Qd5 32.Rxc7 Nd3 33.Kh2 Qe5 34.
Qxd3 Qxc7 35.Qd6 Rf2+ 36.Kg1 Qxd6 37.Nxd6 Rc2 38.c4 Rd2 39.c5 Kg8 40.c6 
Rxd6 41.c7 Rd1+ 42.Kf2 Rc1 43.b6 Kf7 44.b7 Rxc7 45.b8=Q Rd7 46.Qf4+ Ke8 
47.Ke3 Rd5 48.Qc7 Kf8 49.g4 Kg8 50.Qe7 Re5+ 51.Kd4 Re1 52.Kc5 Rc1+ 53.Kd6 
Rd1+ 54.Kc7 Rc1+ 55.Kd7 1-0

[Event "26th EUR-ch"]
[Site "Katowice POL"]
[Date "2026.04.15"]
[Round "8.133"]
[White "Lewtak, Damian"]
[Black "Pavlidou, Ekaterini"]
[Result "1-0"]
[WhiteElo "2331"]
[BlackElo "2166"]
[EventDate "2026.04.07"]
[PlyCount "57"]

1.e4 e5 2.Nf3 Nc6 3.Bb5 a6 4.Ba4 Nge7 5.O-O d6 6.c3 g6 7.d4 Bd7 8.Be3 Bg7 
9.h3 h6 10.dxe5 dxe5 11.Bc5 b6 12.Ba3 b5 13.Bb3 g5 14.Re1 Qc8 15.Nbd2 Ng6 
16.Nf1 b4 17.cxb4 O-O 18.b5 Bxh3 19.bxc6 Rd8 20.N3d2 Nh4 21.Ne3 Bxg2 22.
Nxg2 Rxd2 23.Qh5 Qe8 24.Nxh4 gxh4 25.Rad1 Rad8 26.Bd5 Rd4 27.Re3 Kh8 28.
Rxd4 exd4 29.Rf3 1-0

[Event "26th EUR-ch"]
[Site "Katowice POL"]
[Date "2026.04.15"]
[Round "8.134"]
[White "Obada, Ema"]
[Black "Trushko, Andrii"]
[Result "1/2-1/2"]
[WhiteElo "2181"]
[BlackElo "2325"]
[EventDate "2026.04.07"]
[PlyCount "64"]

1.e4 c6 2.d4 d5 3.exd5 cxd5 4.Bd3 Nf6 5.c3 Nc6 6.Bf4 Bg4 7.Qb3 Qd7 8.Nd2 
e6 9.Ngf3 Bd6 10.Bxd6 Qxd6 11.O-O O-O 12.Rae1 Bxf3 13.Nxf3 a6 14.Ne5 Nd7 
15.f4 f6 16.Nxd7 Qxd7 17.f5 e5 18.dxe5 fxe5 19.Be4 Rad8 20.Rd1 Ne7 21.
Bxd5+ Nxd5 22.c4 Rxf5 23.Rxf5 Qxf5 24.cxd5 Qf7 25.Qc4 h6 26.h3 Rd6 27.Qc8+
Kh7 28.Qc2+ Qg6 29.Qe2 e4 30.Rd4 Qf5 31.Qxe4 Qxe4 32.Rxe4 Rxd5 1/2-1/2

[Event "26th EUR-ch"]
[Site "Katowice POL"]
[Date "2026.04.15"]
[Round "8.135"]
[White "Bitbol-Delaveyne, Maelan"]
[Black "Grebeniuk, Semen"]
[Result "0-1"]
[WhiteElo "2181"]
[BlackElo "2324"]
[EventDate "2026.04.07"]
[PlyCount "105"]

1.Nf3 Nf6 2.g3 g6 3.Bg2 Bg7 4.d4 O-O 5.c4 d6 6.Nc3 Nc6 7.d5 Na5 8.b3 c5 9.
Bb2 a6 10.O-O b5 11.Nd2 bxc4 12.bxc4 Rb8 13.Qc1 Bh6 14.e3 Bf5 15.Nd1 Bg7 
16.Re1 Bg4 17.f3 Bf5 18.Bc3 Rb4 19.e4 Bd7 20.Nb2 Qb6 21.Kh1 Nxe4 22.fxe4 
Rxb2 23.Bxg7 Kxg7 24.Qc3+ f6 25.Nb3 Rxb3 26.axb3 Nb7 27.h4 a5 28.Kh2 Qb4 
29.Qd3 Ra8 30.Bh3 Be8 31.Rf1 Nd8 32.e5 dxe5 33.d6 Qb6 34.dxe7 Nf7 35.Rad1 
f5 36.Rfe1 Qf6 37.Qd5 Rc8 38.Qb7 Qc6 39.Qxc6 Bxc6 40.Ra1 Ra8 41.Ra3 Kf6 
42.Rea1 a4 43.bxa4 Ra5 44.Rb3 Kxe7 45.Rb6 Bd7 46.g4 fxg4 47.Bg2 Nd6 48.Bd5
Nf5 49.Re1 Rxa4 50.Rxe5+ Kd8 51.Rb7 g3+ 52.Kg1 Nxh4 53.Rb1 0-1

[Event "26th EUR-ch"]
[Site "Katowice POL"]
[Date "2026.04.15"]
[Round "8.136"]
[White "Fiedorek, Michal"]
[Black "Petrovic, Aleksa"]
[Result "1/2-1/2"]
[WhiteElo "2323"]
[BlackElo "2178"]
[EventDate "2026.04.07"]
[PlyCount "191"]

1.e4 c6 2.Nf3 d5 3.exd5 cxd5 4.d4 Nf6 5.Ne5 Nc6 6.c3 g6 7.Bb5 Bd7 8.Nxd7 
Qxd7 9.O-O Bg7 10.Re1 O-O 11.Nd2 a6 12.Bd3 Rfe8 13.Nf3 Qc7 14.h3 Nd7 15.
Bf1 b5 16.Be3 Na5 17.Qc1 e5 18.dxe5 Nxe5 19.Nxe5 Bxe5 20.Bg5 Nc4 21.Qc2 d4
22.cxd4 Bxd4 23.Rad1 Rxe1 24.Rxe1 Qg3 25.Bf6 Qf4 26.Bxd4 Qxd4 27.Re4 Qf6 
28.Bxc4 bxc4 29.Rxc4 Qe6 30.Qe4 Qxe4 31.Rxe4 Rc8 32.g4 Rc5 33.Re8+ Kg7 34.
b3 a5 35.Ra8 h5 36.Kg2 h4 37.Ra7 Rd5 38.Kf3 Rd3+ 39.Kg2 Rd5 40.Ra6 Rc5 41.
a4 g5 42.Kg1 f6 43.Kg2 Rc3 44.Ra7+ Kg6 45.Rb7 Rd3 46.Rb5 Rc3 47.Rxa5 Rxb3 
48.Ra8 Ra3 49.a5 Kg7 50.a6 Kh7 51.f3 Kg7 52.Kf2 Kh7 53.Ke2 Kg7 54.a7 Ra2+ 
55.Kd3 Ra3+ 56.Ke4 Ra4+ 57.Kd5 Ra5+ 58.Kd6 Ra1 59.Rc8 Ra6+ 60.Rc6 Rxa7 61.
Rc7+ Rxc7 62.Kxc7 Kg8 63.Kd7 Kh7 64.Kd6 Kh6 65.Kd5 Kh7 66.Kc6 Kg6 67.Kc7 
Kg7 68.Kd8 Kh8 69.Ke8 Kg8 70.Kd7 Kh7 71.Kc6 Kg6 72.Kc5 Kg7 73.Kd4 Kh6 74.
Ke4 Kg6 75.Kd5 Kh7 76.Kc5 Kg7 77.Kc6 Kg6 78.Kd6 Kh6 79.Ke6 Kg6 80.Kd5 Kh7 
81.Kd4 Kh6 82.Kc4 Kg6 83.Kc5 Kg7 84.Kd4 Kh6 85.Ke4 Kg6 86.Kd5 Kh7 87.Kc6 
Kg6 88.Kd7 Kh7 89.Kd8 Kh8 90.Kc7 Kg7 91.Kd6 Kh6 92.Kc6 Kg6 93.Kc5 Kg7 94.
Kc4 Kg6 95.Kd4 Kh6 96.Ke4 1/2-1/2

[Event "26th EUR-ch"]
[Site "Katowice POL"]
[Date "2026.04.15"]
[Round "8.137"]
[White "Hnatyshyn, Anastasiia"]
[Black "Gibala, Adam"]
[Result "1-0"]
[WhiteElo "2164"]
[BlackElo "2317"]
[EventDate "2026.04.07"]
[PlyCount "85"]

1.e4 c5 2.Nf3 d6 3.d4 cxd4 4.Nxd4 Nf6 5.f3 e5 6.Nb3 a5 7.a4 Be7 8.Bb5+ Nc6
9.c4 O-O 10.O-O Na7 11.Be3 Nxb5 12.axb5 Be6 13.Qd3 Qc7 14.N3d2 Nd7 15.Nc3 
Nc5 16.Qe2 f5 17.exf5 Rxf5 18.b4 Nd7 19.bxa5 Nc5 20.Rfb1 Rff8 21.Nd5 Bxd5 
22.cxd5 e4 23.fxe4 Bf6 24.Ra3 Qe7 25.Bxc5 dxc5 26.Nf3 Rfe8 27.Re1 c4 28.d6
Qxd6 29.Qxc4+ Kh8 30.Rd3 Qf4 31.a6 bxa6 32.bxa6 Rac8 33.Qa4 g5 34.g3 Qc7 
35.e5 Bg7 36.Nxg5 Qb6+ 37.Qd4 Qxa6 38.Nf7+ Kg8 39.Nd6 Rxe5 40.Rxe5 Rc1+ 
41.Kg2 Rc2+ 42.Kh3 Bxe5 43.Qd5+ 1-0

[Event "26th EUR-ch"]
[Site "Katowice POL"]
[Date "2026.04.15"]
[Round "8.138"]
[White "Hnydiuk, Aleksander"]
[Black "Kovalskyi, Roman"]
[Result "1-0"]
[WhiteElo "2314"]
[BlackElo "2159"]
[EventDate "2026.04.07"]
[PlyCount "109"]

1.d4 d5 2.Bf4 c5 3.dxc5 Nf6 4.e3 e6 5.b4 a5 6.c3 Bd7 7.Nd2 b6 8.cxb6 axb4 
9.Bc7 Qc8 10.cxb4 Bxb4 11.Nf3 O-O 12.Qb3 Nc6 13.Bb5 Ne8 14.Bxc6 Bxd2+ 15.
Kxd2 Bxc6 16.Rhc1 Qb7 17.Nd4 Ba4 18.Qb4 Nf6 19.f3 Rfc8 20.Rc5 Nd7 21.Rc3 
Rxc7 22.Rxc7 Qxb6 23.Qxb6 Nxb6 24.Rc3 e5 25.Nf5 Kf8 26.Ke1 Bd7 27.Nd6 Ke7 
28.Nb7 Be6 29.Rc7+ Kf6 30.Nc5 Ra3 31.Kf2 d4 32.exd4 exd4 33.Rb7 Nd5 34.Rb3
Ra5 35.Nxe6 fxe6 36.a4 Nc3 37.Rb4 e5 38.f4 h5 39.Rb6+ Kf5 40.fxe5 Kxe5 41.
Rg6 Ke4 42.Rxg7 Kd3 43.Rd7 Rf5+ 44.Kg3 Ra5 45.Kh4 Ne4 46.Rd1+ Nd2 47.Rxd2+
Kxd2 48.Rxd4+ Ke3 49.Rb4 Kf2 50.g4 Kg2 51.g5 Kxh2 52.g6 Rc5 53.g7 Rc1 54.
Kxh5 Rg1 55.Rh4+ 1-0

[Event "26th EUR-ch"]
[Site "Katowice POL"]
[Date "2026.04.15"]
[Round "8.139"]
[White "Lyakh, Vasiliy"]
[Black "Zareba, Piotr"]
[Result "1-0"]
[WhiteElo "2314"]
[BlackElo "2143"]
[EventDate "2026.04.07"]
[PlyCount "127"]

1.c4 e6 2.Nc3 d5 3.d4 Nf6 4.cxd5 exd5 5.Bg5 c6 6.e3 Be7 7.Bd3 Nbd7 8.h3 
O-O 9.Nf3 Re8 10.O-O Ne4 11.Bf4 Ndf6 12.Qc2 Bd6 13.Ne5 Qc7 14.f3 Nxc3 15.
bxc3 h6 16.Rae1 c5 17.Qf2 Nd7 18.Nxd7 Bxd7 19.Bxd6 Qxd6 20.e4 cxd4 21.cxd4
Qa3 22.Re3 Qb4 23.Ree1 Qa3 24.Qd2 a6 25.Re3 Qa4 26.e5 Rac8 27.f4 Bb5 28.
Bxb5 axb5 29.Rg3 Rc2 30.Qd1 Rxa2 31.Qg4 Qxd4+ 32.Kh2 g6 33.Qd7 Kf8 34.Qd6+
Kg8 35.Rxg6+ fxg6 36.Qxg6+ Kf8 37.Qf6+ Kg8 38.Rf3 Rxg2+ 39.Kxg2 Qe4 40.Kf2
Qc2+ 41.Kg1 Qb1+ 42.Kh2 Qc2+ 43.Kg1 Qc1+ 44.Kg2 Qc2+ 45.Rf2 Qc6 46.Qf5 Kh8
47.Kh2 Rg8 48.e6 Qc3 49.Rg2 Rxg2+ 50.Kxg2 Qg7+ 51.Kf3 Kg8 52.Qxd5 Qe7 53.
f5 Qa3+ 54.Kg4 h5+ 55.Kh4 Qe7+ 56.Kxh5 Qh7+ 57.Kg4 Qg7+ 58.Kf4 Qh6+ 59.Ke5
Qe3+ 60.Kd6 Kf8 61.Kd7 b4 62.f6 Qxh3 63.Kd8 Qc3 64.e7# 1-0

[Event "26th EUR-ch"]
[Site "Katowice POL"]
[Date "2026.04.15"]
[Round "8.140"]
[White "Diachek, Andrii"]
[Black "Pietruszewski, Marcin"]
[Result "1-0"]
[WhiteElo "2309"]
[BlackElo "2127"]
[EventDate "2026.04.07"]
[PlyCount "87"]

1.Nf3 Nf6 2.c4 e6 3.g3 a6 4.Bg2 b5 5.Ne5 c6 6.b3 Bb7 7.d4 Qc7 8.Bb2 c5 9.
d5 d6 10.Nf3 Qe7 11.O-O exd5 12.cxd5 Nbd7 13.e4 O-O-O 14.Re1 Ng4 15.Nh4 
Nh6 16.a4 b4 17.f4 f6 18.Nf5 Qe8 19.Nxh6 gxh6 20.Nd2 Bg7 21.Nc4 Kc7 22.Ne3
Qg6 23.Nf5 Rhe8 24.Bf3 Qf7 25.Bh5 Qf8 26.Bxe8 Rxe8 27.a5 Qf7 28.Rc1 Bf8 
29.Qd3 Kb8 30.h4 Ka7 31.Qf3 Qg6 32.h5 Qg8 33.Re2 Ka8 34.Rcc2 Ka7 35.Kf1 
Ka8 36.Kg2 Ka7 37.Bc1 Ka8 38.Be3 Rxe4 39.Rcd2 Bxd5 40.Rxd5 Qxd5 41.Bf2 
Qxf5 42.Rxe4 Ka7 43.Re8 d5 44.g4 1-0

[Event "26th EUR-ch"]
[Site "Katowice POL"]
[Date "2026.04.15"]
[Round "8.141"]
[White "Kyparissopoulos, Spyridon"]
[Black "Dovgaliuk, Oleksandr"]
[Result "0-1"]
[WhiteElo "2133"]
[BlackElo "2309"]
[EventDate "2026.04.07"]
[PlyCount "104"]

1.d4 d5 2.c4 e6 3.Nc3 c5 4.cxd5 cxd4 5.Qa4+ Bd7 6.Qxd4 exd5 7.Qxd5 Nf6 8.
Qd1 Bc5 9.e3 O-O 10.Nf3 Qe7 11.Be2 Nc6 12.O-O Rfd8 13.a3 Ne5 14.Qc2 Bc6 
15.Qf5 Bd6 16.Nd4 Bd7 17.Qc2 Neg4 18.h3 Nh6 19.Rd1 Rac8 20.Bd2 Bb8 21.Be1 
g6 22.Qb3 b6 23.Ba6 Rc5 24.Nce2 Rg5 25.Nf3 Rh5 26.Bb4 Qe4 27.Nc3 Qe8 28.
Bd6 Bc6 29.Bxb8 Bxf3 30.Rxd8 Qxd8 31.Bf4 Qd7 32.Be2 Bxg2 33.Bg4 Nhxg4 34.
Rd1 Bd5 35.Nxd5 Rxd5 36.Rxd5 Nxd5 37.hxg4 Nxf4 38.exf4 Qxg4+ 39.Kf1 Qxf4 
40.Qc3 h5 41.b4 h4 42.Kg1 Qg4+ 43.Kh2 h3 44.Qxh3 Qxh3+ 45.Kxh3 Kg7 46.Kg4 
Kf6 47.a4 a6 48.a5 b5 49.Kf4 g5+ 50.Ke4 Ke6 51.Kd4 Kd6 52.Ke4 g4 0-1

[Event "26th EUR-ch"]
[Site "Katowice POL"]
[Date "2026.04.15"]
[Round "8.142"]
[White "Paikens, Reinis"]
[Black "Basdar, Atakan"]
[Result "1-0"]
[WhiteElo "2302"]
[BlackElo "2125"]
[EventDate "2026.04.07"]
[PlyCount "57"]

1.c4 e6 2.Nf3 d5 3.g3 Nf6 4.Bg2 Be7 5.O-O O-O 6.b3 b6 7.Bb2 Bb7 8.d3 c5 9.
e3 Nc6 10.Ne1 d4 11.exd4 cxd4 12.f4 Qd7 13.a3 a5 14.Nc2 Rad8 15.Qe2 Rfe8 
16.Nd2 e5 17.fxe5 Bd6 18.Rxf6 gxf6 19.Rf1 Bxe5 20.Qh5 Ne7 21.Bxb7 Qxb7 22.
Ne4 Qc6 23.Ne3 f5 24.Nxf5 Nxf5 25.Rxf5 f6 26.Bc1 Qe6 27.Bf4 Qf7 28.Bxe5 
Rxe5 29.Rxe5 1-0

[Event "26th EUR-ch"]
[Site "Katowice POL"]
[Date "2026.04.15"]
[Round "8.143"]
[White "Gbiorczyk, Mikolaj"]
[Black "Balaji, Aaravamudhan"]
[Result "0-1"]
[WhiteElo "2116"]
[BlackElo "2301"]
[EventDate "2026.04.07"]
[PlyCount "105"]

1.e4 e5 2.Nf3 Nc6 3.Bb5 a6 4.Ba4 Nf6 5.O-O Be7 6.Re1 b5 7.Bb3 O-O 8.c3 d6 
9.h3 Nb8 10.d4 Nbd7 11.Nbd2 Bb7 12.Bc2 Re8 13.Nf1 Bf8 14.Ng3 g6 15.a4 c5 
16.d5 c4 17.Bg5 h6 18.Be3 Nc5 19.Qd2 h5 20.Bg5 Be7 21.Ra3 Nfd7 22.Be3 Qc7 
23.Rea1 Nb6 24.a5 Nba4 25.R3a2 Nb3 26.Bxb3 cxb3 27.Ra3 Qxa5 28.Rxb3 Qc7 
29.Rba3 Nc5 30.h4 Nd7 31.Ng5 Nf6 32.f3 Bc8 33.Ne2 Nh7 34.Nc1 a5 35.g3 Nf8 
36.Kg2 Qd7 37.Rxa5 Rxa5 38.Rxa5 Bxg5 39.Bxg5 Qh3+ 40.Kg1 f6 41.Bxf6 Qxg3+ 
42.Qg2 Qe1+ 43.Qf1 Qe3+ 44.Kh1 Nh7 45.Bg5 Nxg5 46.hxg5 Rf8 47.Ra8 Rxf3 48.
Rxc8+ Kf7 49.Rc7+ Kf8 50.Qxf3+ Qxf3+ 51.Kg1 Qe3+ 52.Kf1 Qxc1+ 53.Ke2 0-1

[Event "26th EUR-ch"]
[Site "Katowice POL"]
[Date "2026.04.15"]
[Round "8.144"]
[White "Hertlein, Irena"]
[Black "Noy, Eyal"]
[Result "0-1"]
[WhiteElo "2057"]
[BlackElo "2300"]
[EventDate "2026.04.07"]
[PlyCount "73"]

1.d4 Nf6 2.Nf3 b6 3.Bf4 Bb7 4.e3 Nh5 5.Bg5 h6 6.Bh4 g5 7.Ne5 Nf6 8.Bg3 d6 
9.Ng4 Ne4 10.f3 Nxg3 11.hxg3 Bg7 12.e4 c5 13.c3 cxd4 14.cxd4 Nc6 15.Bb5 a6
16.Bxc6+ Bxc6 17.Nc3 b5 18.Ne3 Qb6 19.Nf5 Bf6 20.f4 b4 21.Nd5 Bxd5 22.exd5
Qb5 23.Qf3 Kd7 24.Rxh6 gxf4 25.gxf4 Rxh6 26.Nxh6 Rh8 27.Qh3+ Kc7 28.Rc1+ 
Kb6 29.Rc6+ Ka5 30.Rc8 Qxd5 31.Rxh8 Qe4+ 32.Kf2 Bxd4+ 33.Kg3 Qe1+ 34.Kf3 
Bxh8 35.Qf5+ Kb6 36.b3 Bd4 37.Nxf7 0-1

[Event "26th EUR-ch"]
[Site "Katowice POL"]
[Date "2026.04.15"]
[Round "8.145"]
[White "Heimisson, Hilmir Freyr"]
[Black "Palamarchuk, Andriy"]
[Result "1-0"]
[WhiteElo "2297"]
[BlackElo "2110"]
[EventDate "2026.04.07"]
[PlyCount "139"]

1.Nf3 d6 2.d4 Nd7 3.e4 e5 4.c3 Ngf6 5.Bd3 Be7 6.O-O O-O 7.Re1 c6 8.Nbd2 
Qc7 9.Nf1 Re8 10.Ng3 Bf8 11.h3 g6 12.Be3 Bg7 13.Qd2 d5 14.Rad1 dxe4 15.
Nxe4 Nxe4 16.Bxe4 exd4 17.Bxd4 Bxd4 18.Nxd4 Nf8 19.Bc2 Be6 20.Qh6 c5 21.
Nb5 Qb6 22.Nd6 Red8 23.Qf4 Rxd6 24.Rxd6 Qxb2 25.Bb3 c4 26.Bxc4 Qxc3 27.Rc1
Qb4 28.Rd4 Rc8 29.Kh2 Rxc4 30.Rdxc4 Bxc4 31.Rxc4 Qb2 32.a4 Ne6 33.Qb8+ Kg7
34.Qxa7 b6 35.Qb8 Qxf2 36.Qe5+ Kh6 37.Qg3 Qb2 38.Qc3 Qf2 39.Qf3 Qb2 40.Qc3
Qf2 41.Qf3 Qa2 42.Rb4 Kg7 43.Qe3 Qa1 44.Rc4 Nc5 45.Qf4 Ne6 46.Qd6 Nc5 47.
Rd4 Qe1 48.Rf4 Ne6 49.Rb4 Qa1 50.Re4 Nc5 51.Rd4 Qe1 52.Qd5 Ne6 53.Re4 Qc3 
54.Qe5+ Qxe5+ 55.Rxe5 Nc7 56.Kg3 Kf6 57.Kf4 Ne6+ 58.Ke4 Ke7 59.Rb5 Nc5+ 
60.Rxc5 bxc5 61.Kd5 Kd7 62.Kxc5 Kc7 63.Kd5 Kb6 64.Ke5 f5 65.Kf6 Ka5 66.h4 
Kxa4 67.Kg7 Kb4 68.Kxh7 Kc4 69.Kxg6 Kd5 70.Kxf5 1-0

[Event "26th EUR-ch"]
[Site "Katowice POL"]
[Date "2026.04.15"]
[Round "8.146"]
[White "Olbrycht, Hubert"]
[Black "Sliwicka, Alicja"]
[Result "0-1"]
[WhiteElo "1940"]
[BlackElo "2293"]
[EventDate "2026.04.07"]
[PlyCount "116"]

1.e4 c5 2.Nf3 Nc6 3.d4 cxd4 4.Nxd4 Nf6 5.Nc3 d6 6.Bb5 Bd7 7.Bg5 Qb6 8.Bxf6
gxf6 9.Nb3 e6 10.O-O h5 11.Qe2 Be7 12.Kh1 a6 13.Bxc6 bxc6 14.f4 c5 15.f5 
Rc8 16.Qe3 h4 17.h3 Bd8 18.Nd2 c4 19.Qxb6 Bxb6 20.fxe6 fxe6 21.Rxf6 Bd4 
22.Rf3 Ke7 23.Rb1 Bg7 24.Nd1 Be8 25.Ra3 Rc6 26.Ne3 c3 27.bxc3 Bxc3 28.Ndc4
Bd4 29.Rd3 Bxe3 30.Rb7+ Kf6 31.Nxe3 Bh5 32.Rd7 Ke5 33.R7xd6 Rxd6 34.Nc4+ 
Kxe4 35.Rxd6 e5 36.Rxa6 Bd1 37.Rc6 Be2 38.Nb6 Rf8 39.a4 Rf2 40.Rc3 Kd4 41.
Ra3 e4 42.a5 Ba6 43.c3+ Kc5 44.c4 Kd4 45.Kg1 Rc2 46.g3 e3 47.Ra1 hxg3 48.
Re1 Rf2 49.h4 e2 50.Ra1 Bb7 51.Nd5 Kxc4 52.Ne3+ Kd4 53.a6 Ba8 54.Nc2+ Ke5 
55.Ne3 Kf4 56.Ng2+ Rxg2+ 57.Kh1 Rh2+ 58.Kg1 Rh1# 0-1

[Event "26th EUR-ch"]
[Site "Katowice POL"]
[Date "2026.04.15"]
[Round "8.147"]
[White "Niezhentsev, Kyrylo"]
[Black "Walaszczyk, Aleksander"]
[Result "1-0"]
[WhiteElo "2293"]
[BlackElo "1878"]
[EventDate "2026.04.07"]
[PlyCount "129"]

1.d4 d5 2.c4 c6 3.cxd5 cxd5 4.Nc3 Nf6 5.Bf4 Nc6 6.e3 a6 7.Bd3 Bg4 8.Qb3 
Na5 9.Qc2 Rc8 10.h3 Bh5 11.Qa4+ Nc6 12.a3 e6 13.Nge2 Bg6 14.Bxg6 hxg6 15.
O-O Be7 16.b4 O-O 17.Rac1 Nd7 18.Rc2 Nb6 19.Qb3 Nc4 20.Nc1 Bf6 21.Rd1 Qb6 
22.Na4 Qa7 23.Nb2 b5 24.Nxc4 bxc4 25.Qb1 Rfd8 26.Ne2 Qd7 27.Nc3 Na7 28.a4 
Be7 29.b5 axb5 30.axb5 Bd6 31.Bxd6 Qxd6 32.Ra2 Qd7 33.b6 Nc6 34.Na4 Nb8 
35.Nc5 Qe8 36.b7 Rc7 37.Ra8 Re7 38.Qb6 Qf8 39.Rda1 Ree8 40.Rxb8 Rxb8 41.
Nd7 Rxb7 42.Qxb7 Qe7 43.Qc6 Rd8 44.Ne5 Qb4 45.Ra8 Qe7 46.Rxd8+ Qxd8 47.h4 
Qb8 48.Qd7 Qf8 49.g3 g5 50.hxg5 g6 51.Ng4 Kh7 52.Qc7 Kg8 53.Nf6+ Kg7 54.e4
Qa8 55.exd5 exd5 56.Qe5 Qa3 57.Nxd5+ Kg8 58.Nf6+ Kg7 59.Nh5+ Kf8 60.Qb8+ 
Ke7 61.Qc7+ Ke6 62.Nf4+ Kf5 63.Qxf7+ Kg4 64.Qe6+ Kf3 65.Qe2# 1-0